[Event "FIDE Zonal 2.5-W 2019"]
[Site "Montevideo"]
[Date "2019.04.14"]
[Round "3.4"]
[White "Fernandez, Maria Florencia"]
[Black "Gomez Barrera, Javiera Belen"]
[Result "1-0"]
[WhiteElo "2227"]
[BlackElo "2016"]
[Annotator "TA"]
[PlyCount "155"]
[EventDate "2019.04.13"]
[EventType "swiss"]
[EventCountry "URU"]
[SourceTitle "playchess.com"]
[Source "ChessBase"]
[SourceQuality "1"]

{[%evp 22,155,30,36,33,24,66,56,53,58,60,52,46,-46,-39,-40,-27,-137,-34,-39,-40,-463,-472,-466,-454,-436,-399,-635,-112,-128,-128,-128,-128,-136,-134,-141,-139,-118,-133,-849,-827,-814,0,0,0,0,0,0,0,0,0,0,154,159,180,171,150,133,213,212,230,230,227,225,288,288,261,222,208,210,194,155,174,87,106,72,104,0,106,57,121,121,121,121,121,69,135,137,229,229,601,579,579,0,552,136,138,143,143,130,29974,29975,29975,29976,29976,29977,29977,29978,29977,0,119,0,29974,1429,29968,749,5065,4618,29977,29978,29978,29979,29977,0,29961,418,29978,1304,29968,29970,12838,1174,29982,29983,29980,29981]} 1. d4 Nf6 2. c4 g6 3. Nc3 Bg7 4. e4 d6 5. f3 O-O 6. Be3 Nc6 7. Nge2 a6 8. Qd2 Rb8 9. h4 h5 10. Ng3 e5 11. d5 Nd4 12. Nge2 c5 {E84: King's Indian: Sämisch Panno: 7 Nge2 a6 8 Qd2 Rb8} 13. dxc6 $1 bxc6 14. Nxd4 exd4 {White is slightly better.} 15. Bxd4 d5 (15... Re8 16. Rd1 d5 17. cxd5 cxd5 18. e5 Nd7 19. f4 f6 20. Ba7 Rb7 21. Qxd5+ {1-0 (38) Wang,H (2732)-Ding,L (2664) Danzhou 2011}) 16. cxd5 cxd5 17. exd5 (17. e5 $14 Ne8 18. f4) 17... Re8+ 18. Be2 Rb4 $146 ({Predecessor:} 18... Kh7 19. O-O Bh6 20. f4 Ne4 {½-½ (20) Andresen,S (2295)-Voekler,B (2360) Germany 1999}) 19. Rc1 (19. Bf2 $11 {remains equal.} Nxd5 20. Rd1) 19... Rxd4 (19... Ne4 $1 $17 {[%cal Re4d2]} 20. fxe4 Bxd4) 20. Qxd4 $15 Ne4 $1 21. Qa7 $2 {[%mdl 8192]} (21. Qxe4 $1 $15 Rxe4 22. Nxe4 (22. fxe4 Bd7 $11)) 21... Ng3 $19 {Threatens to win with ...Bxc3+.} 22. Kf2 Nf5 23. Rcd1 Qd6 24. Rh3 (24. Ne4 Rxe4 $1 {[%mdl 512]} 25. fxe4 Qg3+ 26. Kg1 Ne3 $19) (24. Rd3 $142 Qg3+ 25. Kf1) 24... Qf4 $2 (24... Bxc3 $19 {and Black stays clearly on top.} 25. bxc3 Re7 26. Qxe7 Nxe7) 25. d6 Bd4+ (25... Nxd6 26. Nd5 $15) 26. Rxd4 Qe3+ {[%mdl 64] Pin} ({Of course not} 26... Nxd4 $6 27. d7 $15) 27. Kf1 Nxd4 {[%mdl 64] Discovered Attack} 28. d7 Bxd7 $1 29. Qxd7 {Black must now prevent f4.} Nxe2 30. Nxe2 $4 {[%mdl 8192]} (30. Ne4 $17 Re6 31. Qc8+ Kg7 32. Qc4) 30... Qxe2+ $17 {[%mdl 4160] Endgame Double Attack. KQR-KQR} 31. Kg1 Re6 $2 (31... Qe3+ $19 32. Kh2 Qf4+ 33. Rg3 Qxh4+ 34. Qh3 Qf4) 32. Qd8+ $11 Kg7 33. Qd4+ Kg8 34. Rg3 Rc6 35. Kh2 Rc1 36. Rg5 {aiming for Re5.} Qf1 $2 (36... Rc4 $11 37. Qe5 Qf1) 37. Re5 $1 $16 {[%cal Re5e8]} Qh1+ 38. Kg3 {Threatening mate with Re8+.} Rc8 39. Qd3 Qc1 (39... Rb8 $16) 40. Qxa6 $18 Qc7 41. f4 Qd7 42. Qe2 Rc6 43. Re8+ Kh7 44. Re7 Qf5 45. Re5 Qd7 46. a4 Rd6 47. f5 (47. Re7 $18 Qf5 48. Qf2) 47... Qxa4 48. Re4 Qa5 49. Re5 (49. fxg6+ $1 $16 Rxg6+ 50. Kh3) 49... Qb4 (49... Qa4 $11) 50. Kh3 {And now fxg6+ would win.} Kg7 (50... Rd7 $14) 51. fxg6 $16 Rxg6 52. Rxh5 {Qe5+ is the strong threat.} Qb3+ 53. Qf3 ({White should try} 53. Kh2 $1 $16 {Strongly threatening Qe5+.} Qb8+ 54. Qe5+ Qxe5+ 55. Rxe5) 53... Qxb2 (53... Qxf3+ $1 $14 54. gxf3 Rb6 55. Rg5+ Kf6) 54. Rf5 Qa2 (54... Kg8 $16 55. h5 (55. Rxf7 Qxg2+ 56. Qxg2 Rxg2 $14) 55... Rb6) 55. h5 $18 Rh6 $2 (55... Rb6 56. Qc3+ Kh7) 56. Qg3+ Kh7 57. Qf3 Kg7 $1 58. Rg5+ $2 (58. Qc3+ $18 Kh7 59. Qd3) 58... Kf8 $16 59. Qc3 Qe6+ 60. g4 Rf6 $2 {[%mdl 8192]} (60... Qc6 $16 61. Qb4+ Rd6) 61. Qc5+ Qd6 62. Qc8+ Ke7 63. Qb7+ Kf8 64. Qa8+ Ke7 65. Qb7+ $2 (65. Ra5 {mates} Re6 66. Ra7+ Kf6 67. Qf3+ Ke5 68. Rxf7 Kd4 69. Rd7 $1 {[%mdl 512]} Qxd7 70. Qd1+ Kc5 71. Qxd7 Re3+ 72. Kh4) 65... Kf8 66. Qa8+ $2 {[%mdl 8192]} (66. Qd5 $16 Qxd5 67. Rxd5) 66... Ke7 67. Rg8 (67. Ra5 $142 Re6 68. Ra7+ Kf6 69. Qf3+ Ke5 70. Rxf7 Kd4 71. Rf4+ Kc5 72. Qc3+ Kb6 73. Rb4+ Qxb4 74. Qxb4+ Kc7 75. g5) 67... Qd7 68. Qa3+ (68. Qf8+ $142 Ke6 69. Qa3 Qd4 70. Re8+ Kd7 71. Re7+ Kc6 72. Qa6+ Qb6 73. Qa8+ Kd6 74. Qa3+ Qc5 75. Rd7+ $1 {[%mdl 512]} Kc6 76. Qa4+ Qb5 77. Rc7+ $1 {[%mdl 576] Deflection} Kxc7 78. Qxb5) 68... Rd6 69. Ra8 Kf6 70. Qc3+ Ke7 71. Qc5 Kf6 72. Qc3+ Ke7 $1 {Hoping for ...Rd3+.} 73. Qe3+ (73. Qe5+ $142 Re6 74. Qc5+ Qd6 75. Qg5+ Rf6 76. h6 Qd4 77. Ra3 (77. Rc8 Kd7 $11) 77... Kd6 78. h7) 73... Kf6 (73... Qe6 $18 74. Qc5 Qb3+ 75. Kh4 Qb6 76. Qe5+ Re6 77. Qg5+ Rf6) 74. Qh6+ (74. Kh4 $142 Rc6 {[#]} 75. Rd8 $1 {[%mdl 512]} Qxd8 76. Qg5+ Ke6 77. Qxd8 Rc1 78. Qb6+ Kd5 79. Qb7+ Rc6 80. h6) 74... Ke7 75. Qf8+ Kf6 76. Kh4 (76. Qh8+ $142 Ke6 77. Re8+ Kd5 78. Re2) 76... Qe7 77. g5+ Ke6 78. Re8 {Accuracy: White = 41%, Black = 39%.} 1-0

[Event "FIDE Zonal 2.5-W 2019"]
[Site "Montevideo"]
[Date "2019.04.14"]
[Round "3.5"]
[White "Reyes Jara, Paula"]
[Black "Meza, Anahi"]
[Result "0-1"]
[WhiteElo "1926"]
[BlackElo "2073"]
[Annotator "NA RC"]
[PlyCount "50"]
[EventDate "2019.04.13"]
[EventType "swiss"]
[EventCountry "URU"]
[SourceTitle "playchess.com"]
[Source "ChessBase"]
[SourceQuality "1"]
[TimeControl "40/5400+30:1800+30"]

{[%evp 17,49,-14,1,-12,32767,-18,-41,32767,-18,-100,-31,32767,32767,-62,32767,-350,32767,32767,32767,32767,32767,32767,-831,32767,-1102,-2376,32767,-1654,-1941,-1598,-1732,-1798,-427,-937]} 1. e4 {[%emt 0:02:19]} c5 {[%emt 0:00:00]} 2. Nf3 {[%emt 0:00:40]} e6 {[%emt 0:00:00]} 3. d4 {[%emt 0:01:24]} cxd4 {[%emt 0:00:09]} 4. Nxd4 {[%emt 0:00:09]} a6 {[%emt 0:00:00]} 5. Nc3 {[%emt 0:00:44]} b5 6. a3 {[%emt 0:01:44]} Qc7 {[%emt 0:03:03]} 7. Be2 {[%emt 0:01:26]} Bb7 {[%emt 0:00:30] B43: Sicilian: Kan Variation: 5 Nc3} 8. Bf3 (8. f4 d6 9. Bf3 Nf6 10. g4 e5 11. Nf5 Nfd7 12. O-O Nb6 13. fxe5 dxe5 14. Kh1 N8d7 15. Nd5 Nxd5 16. exd5 {1-0 (48) Kryakvin,D (2603)-Bocharov,D (2618) Irkutsk 2010}) 8... Nc6 {[%emt 0:07:00]} 9. Nxc6 {[%emt 0:02:50]} Bxc6 {[%emt 0:04:48]} 10. O-O {[%emt 0:00:45]} Bd6 {[%emt 0:01:02]} 11. h3 {[%emt 0:04:58]} Ne7 {[%emt 0:17:58]} 12. Ne2 $146 {[%emt 0:05:23]} ({Predecessor:} 12. Re1 O-O 13. Qe2 Ng6 14. g3 a5 15. Bg2 b4 16. axb4 axb4 17. Rxa8 Rxa8 {0-1 (27) Eriksson,M (2010)-Mortensen,E (2450) Copenhagen 2002}) 12... Ng6 {[%emt 0:22:12]} 13. g3 {[%emt 0:01:39]} (13. Nd4 $11 {remains equal.}) 13... h5 14. Nd4 {[%emt 0:04:58]} Bb7 {[%emt 0:02:58]} 15. Bxh5 {[%emt 0:01:47]} Bxg3 {[%emt 0:07:58]} 16. Qg4 $2 {[%emt 0:02:24]} (16. Bxg6 $17 {only move.} Be5 17. f4 Bxd4+ 18. Qxd4) 16... Bh2+ {[%emt 0:03:00]} 17. Kh1 {[%emt 0:05:49]} Ne5 18. Qe2 g6 {[%emt 0:03:08]} 19. Bg4 {[%emt 0:03:10]} f5 {[%emt 0:06:30]} 20. f4 {[%emt 0:03:47]} Nxg4 {[%emt 0:05:41]} 21. hxg4 {[%emt 0:01:49]} Bxe4+ {[%emt 0:00:42]} 22. Nf3 {[%emt 0:00:36]} Bxf4+ {[%emt 0:01:15]} 23. Kg1 {[%emt 0:00:06]} Bxc1 {[%emt 0:01:07]} 24. Raxc1 {[%emt 0:01:10]} Qg3+ $19 {[%emt 0:00:35]} (24... fxg4 $142 25. Rce1 gxf3 26. Rxf3 Bxf3 27. Qxf3 Qh2+ 28. Kf1 Rf8 29. Qxf8+ Kxf8) 25. Qg2 {[%emt 0:01:53]} Qxg2+ {[%emt 0:00:10]} 0-1

[Event "FIDE Zonal 2.5-W 2019"]
[Site "Montevideo"]
[Date "2019.04.14"]
[Round "3.6"]
[White "Malan, Lucia"]
[Black "Nejanky, Maisa"]
[Result "0-1"]
[WhiteElo "1877"]
[BlackElo "2000"]
[Annotator "NA RC"]
[PlyCount "96"]
[EventDate "2019.04.13"]
[EventType "swiss"]
[EventCountry "URU"]
[SourceTitle "playchess.com"]
[Source "ChessBase"]
[SourceQuality "1"]
[TimeControl "40/5400+30:1800+30"]

{[%evp 8,96,33,26,31,21,32767,32767,32767,32767,32767,32767,20,-21,-8,-11,22,0,0,-33,-19,-43,-28,-55,0,-12,32767,32767,12,32767,32767,32767,56,12,20,10,1,3,0,0,0,0,0,0,0,0,10,0,30,5,6,32767,32767,32767,32767,32767,32767,32767,32767,32767,32767,32767,32767,32767,32767,32767,32767,32767,32767,32767,0,0,0,32767,32767,32767,32767,0,0,0,0,0,32767,32767,-4141,32767,32767,-29984,-29985,-29985,-29987]} 1. e4 {[%emt 0:00:00]} c5 {[%emt 0:00:00]} 2. Nf3 {[%emt 0:00:00]} d6 {[%emt 0:00:00]} 3. d4 {[%emt 0:00:00]} cxd4 {[%emt 0:00:00]} 4. Nxd4 {[%emt 0:00:05]} Nf6 {[%emt 0:00:03]} 5. Nc3 {[%emt 0:00:06]} Nc6 {[%emt 0:00:04]} 6. Be3 {[%emt 0:00:49] LiveBook: 893 Games} e5 {[%emt 0:08:27]} 7. Nb3 {[%emt 0:01:08]} Be6 {[%emt 0:10:23]} 8. Be2 {[%emt 0:00:39]} Be7 {[%emt 0:02:03]} 9. O-O {[%emt 0:01:09]} O-O {[%emt 0:07:01]} 10. f4 {[%emt 0:03:11]} exf4 {[%emt 0:11:49] B59: Classical Sicilian: 6 Be2 e5 7 Nb3} 11. Rxf4 {[%emt 0:04:56]} (11. Bxf4 d5 12. exd5 Nxd5 13. Nxd5 Qxd5 14. Qxd5 Bxd5 15. Rad1 Be6 16. Bf3 Rac8 17. c3 Rfd8 18. Be3 Rxd1 19. Rxd1 b6 20. Bf4 Kf8 21. h3 a5 22. Kh1 {½-½ (32) Nakamura,H (2620)-Goldin,A (2620) San Diego 2004}) 11... Ne5 {[%emt 0:10:35]} 12. Nd4 {[%emt 0:03:58]} a6 {[%emt 0:10:53]} 13. Nxe6 {[%emt 0:07:24]} fxe6 {[%emt 0:00:07]} 14. Qd4 $146 {[%emt 0:01:55]} ({Predecessor:} 14. Rf1 b5 15. a3 Rc8 16. Bd4 Nc4 17. Bxc4 Rxc4 18. b3 Rc6 19. Qd3 {½-½ (65) Rohrer,C (1925)-Goldie,T (2083) Geneve 2013}) 14... Rc8 {[%emt 0:11:11]} 15. Qa4 {[%emt 0:08:07]} Qc7 {[%emt 0:02:28]} 16. Qb3 {[%emt 0:01:48]} d5 {[%emt 0:13:07]} 17. exd5 {[%emt 0:13:51]} Bc5 {[%emt 0:00:24]} 18. Bxc5 {[%emt 0:03:58]} Qxc5+ {[%emt 0:00:04]} 19. Kh1 {[%emt 0:00:11]} Nxd5 {[%emt 0:11:32]} 20. Nxd5 {[%emt 0:09:16]} Qxd5 {[%emt 0:01:08]} 21. Rxf8+ {[%emt 0:03:42]} Rxf8 {[%emt 0:00:52]} 22. Qxd5 {[%emt 0:00:07]} exd5 {[%emt 0:05:30]} 23. Kg1 {[%emt 0:02:08]} Rc8 {[%emt 0:00:05]} 24. c3 {[%emt 0:01:26]} Kf7 {[%emt 0:00:35]} 25. Re1 {[%emt 0:05:06]} Kf6 {[%emt 0:00:55]} 26. Kf2 {[%emt 0:03:20]} Re8 {[%emt 0:01:17]} 27. Kg3 {[%emt 0:00:52]} g5 {[%emt 0:00:51]} 28. Bg4 {[%emt 0:02:03]} Re7 {[%emt 0:00:28]} 29. Rf1+ {[%emt 0:03:27]} Kg6 {[%emt 0:00:17]} 30. Bf5+ {[%emt 0:02:14]} Kg7 {[%emt 0:00:11]} 31. Rd1 {[%emt 0:00:36]} Nc4 {[%emt 0:00:47]} 32. Bg4 {[%emt 0:04:34]} Ne3 {[%emt 0:00:45]} 33. Re1 {[%emt 0:01:48]} Kf6 {[%emt 0:00:13]} 34. Re2 {[%emt 0:01:25]} Nf5+ {[%emt 0:00:49]} 35. Kf2 {[%emt 0:00:52]} Rxe2+ {[%emt 0:00:31]} 36. Kxe2 {[%emt 0:00:17]} Nd6 {[%emt 0:00:10]} 37. Kd3 {[%emt 0:01:12]} Ke5 {[%emt 0:00:08]} 38. Bf3 {[%emt 0:02:11]} b6 {[%emt 0:00:24]} 39. b3 {[%emt 0:02:51]} h6 {[%emt 0:00:41]} 40. Ke3 {[%emt 0:02:12]} Nf5+ {[%emt 0:00:18]} 41. Kd3 {[%emt 0:31:00]} Nh4 {[%emt 0:30:42]} 42. Ke3 {[%emt 0:01:44]} b5 {[%emt 0:00:00]} 43. g3 {[%emt 0:00:00]} Nxf3 {[%emt 0:00:00]} 44. Kxf3 {[%emt 0:00:00]} a5 {[%emt 0:00:00]} 45. a3 {[%emt 0:00:00]} d4 {[%emt 0:00:00]} 46. c4 {[%emt 0:00:00]} a4 {[%emt 0:00:00]} 47. c5 {[%emt 0:00:32]} axb3 {[%emt 0:00:00]} 48. c6 {[%emt 0:00:04]} Kd6 {[%emt 0:00:00]} 0-1

[Event "FIDE Zonal 2.5-W 2019"]
[Site "Montevideo"]
[Date "2019.04.15"]
[Round "4.1"]
[White "Zuriel, Marisa"]
[Black "Sarquis, Maria Belen"]
[Result "1-0"]
[WhiteElo "2153"]
[BlackElo "2141"]
[Annotator "TA"]
[PlyCount "51"]
[EventDate "2019.04.13"]
[EventType "swiss"]
[EventCountry "URU"]
[SourceTitle "playchess.com"]
[Source "ChessBase"]
[SourceQuality "1"]

{[%evp 17,51,-53,0,13,14,16,18,18,16,37,18,3,17,5,49,50,67,49,131,121,125,125,145,148,153,157,179,166,167,166,304,294,1285,1200,29995,29996]} 1. e4 e5 2. Nf3 Nc6 3. Bc4 Bc5 4. O-O Nf6 5. d4 Bxd4 6. Nxd4 Nxd4 7. f4 d6 8. fxe5 dxe5 9. Bg5 Be6 (9... Qe7 $15 10. Na3 Rg8) 10. Na3 $11 {[%cal Bb1a3,Ba3c4,Bc4e3,Be3d5][%mdl 32] C50: Hungarian Defence and Giuoco Pianissimo} Qe7 11. c3 Bxc4 (11... Nc6 12. Kh1 h6 13. Bxf6 gxf6 14. Bb3 Rg8 15. Nc2 Rg6 16. Ne3 Rd8 17. Qe2 a6 {½-½ (54) Saric,I (2680)-Miton,K (2601) Doha 2014}) 12. Bxf6 {The position is equal.} gxf6 13. Nxc4 Ne6 14. b4 Rg8 15. Ne3 Nf4 16. Kh1 {[%mdl 1024] Strongly threatening g3. White has compensation.} Rd8 17. Qf3 Rg5 $146 (17... Qe6 $1 $14) ({Predecessor:} 17... Rd3 18. g3 Ne6 19. Qe2 Rxc3 20. Nd5 Nd4 21. Qe1 Qd8 22. Qxc3 Rg6 23. Qxc7 Qxc7 24. Nxc7+ {1-0 (24) Planeta,W (1812)-Landl,M (1975) Krakow 2019}) 18. g3 $16 Nh5 19. Nd5 Qd6 20. Rad1 $36 {[%mdl 2048] aiming for g4. White is in control.} (20. Nxf6+ $6 Nxf6 21. Qxf6 Qxf6 $11) 20... f5 21. Ne3 ({Don't play} 21. exf5 $6 c6 $16) 21... Qc6 {Threatens to win with ...Rxd1.} 22. Rxd8+ (22. Nxf5 Rxd1 23. Rxd1 Nf6 $11) 22... Kxd8 23. Nxf5 {And now Rd1+ would win.} Nf6 {[#]} (23... Ke8 {is a better defense.}) 24. Nd6 $1 $18 Kd7 $2 (24... Qxd6 25. Rd1 {[#]} (25. Qxf6+ Qxf6 26. Rxf6 Ke7 $11) 25... Qxd1+ $1 {[%mdl 512]} 26. Qxd1+ Ke7) 25. Qxf6 {[%mdl 64] Double Attack} Rg6 26. Qxf7+ {[%mdl 64] Double Attack. Accuracy: White = 97%, Black = 33%.} 1-0

[Event "FIDE Zonal 2.5-W 2019"]
[Site "Montevideo"]
[Date "2019.04.15"]
[Round "4.2"]
[White "Fernandez, Maria Florencia"]
[Black "Amura, Claudia"]
[Result "1/2-1/2"]
[WhiteElo "2227"]
[BlackElo "2260"]
[Annotator "TA"]
[PlyCount "87"]
[EventDate "2019.04.13"]
[EventType "swiss"]
[EventCountry "URU"]
[SourceTitle "playchess.com"]
[Source "ChessBase"]
[SourceQuality "1"]

{[%evp 12,87,17,-8,0,-4,0,0,0,-4,0,0,0,-8,0,0,-7,-2,-6,0,0,0,0,4,8,6,9,6,9,8,20,17,27,14,16,14,16,15,15,17,30,30,48,47,85,68,59,36,64,-37,75,41,75,58,65,17,27,0,20,0,0,0,0,0,0,0,0,0,0,0,0,0,0,0,8,0,0,0]} 1. d4 d5 2. c4 e6 3. Nc3 Be7 4. Nf3 Nf6 5. Bf4 O-O 6. e3 Nbd7 7. h3 c5 {D37: Queen's Gambit Declined: 5 Bf4} 8. cxd5 Nxd5 9. Nxd5 exd5 10. Be2 Qa5+ $146 ({Predecessor:} 10... cxd4 11. Nxd4 Bb4+ 12. Kf1 Nf6 13. a3 Bd6 14. Bxd6 Qxd6 15. g3 Qb6 16. b4 Bd7 17. Kg2 Rac8 18. Qb3 Rc7 19. Rhc1 Rfc8 20. Rxc7 Qxc7 21. Rd1 {½-½ (21) Timoshenko,G (2556)-Shneider,A (2539) Leros 2009}) 11. Qd2 Qxd2+ 12. Nxd2 cxd4 13. exd4 Bf6 14. Nf3 Re8 15. Be3 Nf8 16. Bd3 Ng6 17. O-O Nh4 18. Nxh4 Bxh4 19. Rac1 Be6 20. Rc7 Re7 21. Rfc1 Rae8 22. R7c3 (22. R7c5 {with more complications.} g6 23. Bc2 Bf6 24. g4 h5 25. gxh5 gxh5 26. Kh2) 22... a6 23. b4 g6 24. b5 axb5 25. Bxb5 Bd7 26. Rc5 Bxb5 27. Rxb5 Rd7 28. Rcb1 Ree7 29. Rb6 Kg7 30. g3 ({White should try} 30. g4 $14) 30... Bf6 (30... Bxg3 $1 $15 {stays ahead.} 31. Kg2 Bh4) 31. h4 h5 32. Kg2 Rc7 33. Kf3 Red7 34. R1b2 (34. a4 {is interesting.} Rc4 35. a5 Ra4 36. R6b5 Ra2 37. R1b2) 34... Rc4 {The position is equal.} 35. Rxb7 (35. R2b4 {seems wilder.} Rc2 36. a4 Ra2 37. R6b5 Ra3 38. Ke2) 35... Rxb7 36. Rxb7 Bxd4 37. Bxd4+ Rxd4 $11 {[%mdl 4096] Endgame KR-KR} 38. Ra7 Re4 39. a4 {[%cal Ba2a4,Ba4a5,Ba5a6,Ba6a7][%mdl 32]} Kf6 40. a5 Ra4 41. a6 Ke5 42. Ra8 Ra3+ 43. Kg2 Kd4 44. a7 {Accuracy: White = 33%, Black = 58%.} 1/2-1/2

[Event "FIDE Zonal 2.5-W 2019"]
[Site "Montevideo"]
[Date "2019.04.15"]
[Round "4.3"]
[White "Vargas, Gabriela"]
[Black "Meza, Anahi"]
[Result "1-0"]
[WhiteElo "2130"]
[BlackElo "2073"]
[Annotator "TA"]
[PlyCount "87"]
[EventDate "2019.04.13"]
[EventType "swiss"]
[EventCountry "URU"]
[SourceTitle "playchess.com"]
[Source "ChessBase"]
[SourceQuality "1"]

{[%evp 19,87,-2,0,-4,1,-30,-22,-43,-8,-15,-15,-20,-27,-58,-36,-24,-20,-24,-3,-24,-12,-18,36,29,54,28,184,178,177,173,174,97,83,77,94,84,96,54,54,54,54,54,54,54,102,102,102,102,197,190,189,183,197,179,207,203,265,262,335,319,941,925,820,805,792,739,762,752,1399,1312]} 1. d4 Nf6 2. Nf3 g6 3. Bg5 Bg7 4. Nbd2 O-O 5. c3 d6 6. e4 c5 7. dxc5 dxc5 8. Bc4 Nc6 9. Qe2 Qc7 10. O-O Na5 11. Bd3 {A48: 1 d4 Nf6 2 Nf3 g6: Torre, London and Colle Systems} h6 12. Bh4 Nh5 13. Qe3 {The position is equal.} g5 14. Bg3 $1 {[%cal Rg3c7]} Nxg3 15. hxg3 Be6 16. Nh2 $146 ({Predecessor:} 16. Rfe1 Rfd8 17. Bc2 Qb6 18. Reb1 Rac8 {0-1 (51) Laxman,R (2403)-Amin,B (2660) Sharjah 2017}) 16... Qb6 17. Rfb1 Rfd8 {aiming for ...c4.} 18. Be2 Rd7 19. f4 Rad8 20. Nhf1 $1 {With the idea f5.} gxf4 ({Better is} 20... f6 $11) 21. gxf4 $14 {Strongly threatening f5.} f5 22. e5 c4 $2 (22... Bf7 $11) 23. Qxb6 $18 axb6 {[#]} 24. Nf3 $1 Bd5 {[#]} 25. Rd1 (25. Nd4 $1 $18) 25... e6 $16 26. Ne3 {And now Nd4 would win.} Bf8 27. Nxd5 Bc5+ 28. Kf1 Rxd5 29. Rxd5 Rxd5 30. Rd1 Rxd1+ 31. Bxd1 $14 {[%mdl 4096] Endgame KBN-KBN} Be3 32. g3 b5 33. Ke2 Bb6 (33... Bc1 $16) 34. a4 $18 bxa4 35. Bxa4 Kf7 36. Bb5 Ke7 37. Nd2 h5 38. Bxc4 ({Weaker is} 38. Nxc4 Nxc4 39. Bxc4 Bc5 $16) 38... Nxc4 39. Nxc4 {KB-KN} Bc5 $2 (39... Bd8 40. Nd2 Ke8) 40. b4 {White is clearly winning.} Bg1 41. Kf1 Ba7 42. Na5 Be3 43. Ke2 Bc1 44. Nb3 {Accuracy: White = 75%, Black = 26%.} 1-0

[Event "FIDE Zonal 2.5-W 2019"]
[Site "Montevideo"]
[Date "2019.04.15"]
[Round "4.4"]
[White "Nejanky, Maisa"]
[Black "Brizzi, Milagros Tatiana"]
[Result "0-1"]
[WhiteElo "2000"]
[BlackElo "2126"]
[Annotator "TA"]
[PlyCount "82"]
[EventDate "2019.04.13"]
[EventType "swiss"]
[EventCountry "URU"]
[SourceTitle "playchess.com"]
[Source "ChessBase"]
[SourceQuality "1"]

{[%evp 14,82,54,40,54,40,53,33,45,38,48,39,39,36,48,41,34,31,40,-24,-20,-21,-20,-50,-27,-61,0,-39,-43,-103,-120,-225,-195,-224,0,-86,-48,-91,-68,-85,-21,-75,-60,-94,-29,-52,0,-77,-88,-89,-78,-75,-18,-91,-50,-235,-241,-323,-353,-700,-668,-1222,-1224,-29980,-29979,-5522,-737,-718,-695,-29998,-29999]} 1. e4 c5 2. Nf3 e6 3. d4 cxd4 4. Nxd4 a6 5. Bd3 Bc5 6. Nb3 Be7 7. Qg4 g6 8. Qe2 d6 {B42: Sicilian: Kan Variation: 5 Bd3} 9. a4 (9. O-O Nc6 10. Nc3 b5 11. a4 b4 12. Na2 Bb7 13. a5 Nf6 14. Bh6 Qc7 15. Rfc1 Rg8 16. c3 bxc3 17. Nxc3 {0-1 (36) Erenburg,S (2589)-Caruana,F (2828) chess.com INT 2019}) 9... b6 10. Nc3 Nd7 {White is slightly better.} 11. O-O Bb7 12. Bd2 Qc7 13. Rae1 h5 14. f4 h4 15. h3 Ngf6 $1 16. f5 $146 (16. Rf2 $14) ({Predecessor:} 16. Rf3) 16... gxf5 $11 17. exf5 e5 18. Ne4 Rg8 19. Rf2 Bc6 ({Better is} 19... Nxe4 $15 20. Bxe4 d5) 20. Nxf6+ Nxf6 {[%cal Bd7f6,Bf6e4,Be4f2][%mdl 32]} 21. Bxa6 (21. Bh6 $15) 21... Ne4 $17 ({Much worse is} 21... Bxa4 22. Bc3 $15) 22. Bb5 (22. Rf3 $17) 22... Nxf2 $19 23. Qxf2 Qd7 $2 {[#]} (23... Bxb5 $19 24. axb5 Qxc2 25. Qxb6 Rc8) 24. f6 (24. Nd4 $1 $11 {[%mdl 512] keeps the balance.} exd4 25. f6 Bxb5 26. Rxe7+ Qxe7 27. fxe7) 24... Bd8 25. Nd4 Bxb5 26. axb5 Rg6 (26... Qxh3 $17 27. Nf5 Rg6 28. Nxh4 Rxf6 29. Qxf6 Bxf6 30. gxh3 Bxh4) 27. Qxh4 (27. Qf3 $11 Ra4 28. Nc6) 27... Bxf6 $17 28. Qh5 Ra4 (28... Ra2 $17 29. Bc3 Qc8) 29. Nf5 $1 $11 Kd8 (29... Kf8 $15) 30. b3 (30. Qf3 $11) 30... Ra2 $40 {[%cal Ba4a2,Ba2c2,Bc2c1][%mdl 160] Black has strong attack.} 31. Rc1 Qxb5 {...Qc6 is the strong threat.} 32. Qf3 Qd7 (32... d5 $17 {White must now prevent ...Qd7.} 33. h4 e4) 33. Bb4 (33. h4 $1 $11 {remains equal.}) 33... Be7 34. Rd1 $2 {[#]} ({White should play} 34. h4 $15) 34... Rxc2 $19 35. Ne3 Qc6 36. Rd5 $2 (36. Qxc6 Rxc6 37. g4) 36... Rc1+ 37. Kh2 Bg5 38. g3 Bxe3 39. Qxe3 Qxd5 (39... Rf6 $142 40. Qg5 Qxd5 41. Qxf6+ Ke8) 40. Qxc1 Qxb3 41. Bd2 Qxg3+ {Accuracy: White = 13%, Black = 48%.} 0-1